Οι μεγάλοι πόλεμοι της ιστορίας

Αποθηκεύτηκε σε:
Λεπτομέρειες βιβλιογραφικής εγγραφής
Κύριος συγγραφέας: Liddell Hart, Basil Henry, Sir, 1895-1970
Άλλοι συγγραφείς: Μουζουράκης, Μιχάλης (Μεταφραστής)
Μορφή: Βιβλίο
Γλώσσα:Greek
English
Δημοσίευση: Αθήνα : Ευρώπη, [μεταξύ 1950 και 1970].
Θέματα:
Ετικέτες: Προσθήκη ετικέτας
Δεν υπάρχουν, Καταχωρήστε ετικέτα πρώτοι!

MARC

LEADER 00000cam a2200000 i 4500
001 1/44968
008 941103q19501970gr | ||| |||| ||gre||
035 |a 1990  |c ΔΩΡΕΑ  |l 10042416 
040 |a GR-MyUA  |b gre  |e AACR2 
041 1 |a gre  |h eng 
082 0 |a 355.48  |2 (22) 
100 1 |a Liddell Hart, Basil Henry,   |c Sir,   |d 1895-1970. 
245 1 3 |a Οι μεγάλοι πόλεμοι της ιστορίας /   |c Σέρ Μπάζιλ Λίντελ Χάρτ ; μετάφραση Μιχ. Μουζουράκη.  
260 |a Αθήνα :   |b Ευρώπη,   |c [μεταξύ 1950 και 1970].  
300 |a 414 σ. ;   |c 26 εκ.  
500 |a Από το Μαραθώνα ως τον Α' Ισραηλινοαραβικό πόλεμο.  
650 0 0 |a Military history. 
650 0 0 |a Strategy. 
700 1 |a Μουζουράκης, Μιχάλης,  |e trl 
852 |a INST  |b CHIOS  |e 20120627  |h 355.48 LID  |p 005200032782  |q 005200032782  |t BK  |y 0 
852 |a INST  |b SAMOS  |e 19941103  |h 940.09 LID  |p 005300000458  |q 005300000458  |t BK  |y 0 
852 |a INST  |b SYROS  |e 20120605  |h 355.48 LID  |p 005500010329  |q 005500010329  |t BK  |y 0 
901 |a BIBL5-2012-1 
901 |a BIBL2-2012-2 
909 |a Ε  |b 000362 
909 |a Χ  |b 169276 
909 |a Σ  |b 000361 
970 |a ΚΟΝΤΟΥ  |b ΠΑΡΑΣΚΕΥΗ  |z 2012/06/05